Statistics for Countries ending in -IA

Click here to take the quiz!

General Stats

  • This quiz has been taken 101 times
  • The average score is 30 of 38

Answer Stats

ContinentAnswer% Correct
OceaniaAustralia
96%
EuropeAustria
92%
EuropeAlbania
91%
EuropeLithuania
88%
EuropeSlovakia
88%
South AmericaBolivia
87%
South AmericaColombia
87%
AsiaIndonesia
87%
EuropeSlovenia
87%
AfricaAlgeria
86%
EuropeEstonia
86%
EuropeLatvia
86%
EuropeRussia
86%
EuropeRomania
84%
EuropeBulgaria
83%
AsiaIndia
83%
EuropeSerbia
83%
AfricaNigeria
82%
AsiaArmenia
80%
AsiaMalaysia
80%
AfricaLiberia
79%
AfricaMauritania
78%
AfricaSomalia
78%
AfricaTanzania
78%
AfricaZambia
78%
AsiaCambodia
76%
AfricaEthiopia
76%
AfricaTunisia
76%
EuropeCroatia
75%
AsiaSaudi Arabia
75%
AsiaMongolia
74%
AfricaNamibia
74%
AfricaGambia
72%
AsiaGeorgia
70%
EuropeNorth Macedonia
70%
AsiaSyria
68%
OceaniaFederated States of Micronesia
63%
North AmericaSaint Lucia
61%

Score Distribution

Percentile by Number Answered

Percent of People with Each Score

Your Score History

You have not taken this quiz